| 000 | 01241nam a2200289 4500 | ||
|---|---|---|---|
| 001 | 114281 | ||
| 003 | DR-UNIBE | ||
| 005 | 20251210100124.0 | ||
| 008 | 251204b2025 dr ||||| |||| 00| 1 spa d | ||
| 020 | _a9789945450026 | ||
| 040 |
_aBIBLIOTECA UNIBE _bspa _cBIBLIOTECA UNIBE _erda |
||
| 041 | _aspa | ||
| 090 | _aFBIU - PED PJ M663cu | ||
| 100 | 0 |
_aMinaya, Leopoldo, _d1956- _eautor _9154967 |
|
| 245 | 1 | 0 |
_aCuento de los dos quijotes / _cLeopoldo Minaya ; ilustraciones: Sarah Amaro ; diseño de portada y diagramación : Manuel Cubilette |
| 250 | _aPrimera edición | ||
| 260 |
_aSanto Domingo : _bPríncipe Editorial, _c2025 |
||
| 300 |
_a86 páginas : _bilustraciones a color ; _c22 x 14 cm |
||
| 500 | _aDatos el autor y comentario de la obra en la contraportada. Incluye apéndice pedagógico para fomentar la comprensión lectora, la expresión artística, la reflexión ética y la creatividad | ||
| 653 | 7 | _aLiteratura infantil dominicana | |
| 653 | 7 | _aLiteratura juvenil dominicana | |
| 653 | 7 | _aPoesía infantil dominicana | |
| 653 | 7 | _aPoesía juvenil dominicana | |
| 700 | 1 | 0 |
_aAmaro, Sarah, _d2002- _9152648 _eilustrador |
| 700 | 1 | 0 |
_aCubilette, Manuel _9201286 _ediseñador de portada _ediagramador |
| 942 |
_2ddc _cBK |
||
| 999 |
_c114281 _d114281 |
||